000 00755nmm a2200253 a 4500
003 AR-BaBNM
005 20251128203653.0
008 197019s1982 ||||||||||||||000 | spa||
040 _cAR-BaBNM
100 1 _aGuillén de Rezzano, Clotilde
_d1880-1951
245 1 0 _aDidáctica general de acuerdo al programa de cuarto año del ciclo del magisterio
250 _a12ª ed.
260 _aBuenos Aires
_bKapelusz
_c1982
300 1 _aix, 211 p.
504 _aContiene bibliografía en notas a pie de página
650 4 _aDIDACTICA
650 4 _aFORMACION DE DOCENTES
650 4 _aPEDAGOGIA
650 4 _aMETODOS DE ENSENANZA
650 4 _aRELACION ALUMNO-DOCENTE
653 0 _aPROCESO DE ENSENANZA-APRENDIZAJE
942 _cBK
998 _cSILVI
999 _c4420
_d4420